000 00561nam a2200229Ia 4500
003 OSt
005 20221005120842.0
006 a|||||r|||| 00| 0
007 ta
008 221004b |||||||| |||| 00| 0 eng d
024 _a118638
037 _cTextual
040 _aCRL
_cCRL
_beng
041 _2eng
_aeng
100 _aKarlin S
_9629733
245 0 _aFirst course in stochashi processer
260 _c1975
650 _aGENERAL
_9592526
700 _a Taylor H M
_9629734
942 _cTEXL
_2cc
999 _c1039316
_d1039316